000 00561nam a2200205Ia 4500
005 20250508165128.0
008 008 250505s9999 xx 000 0 eng d
020 _a81-89524-13-5
037 _aTextual
040 _aFEDL
_beng
_cFEDL
041 _aeng
_2eng
084 _a294.3, SWA
_qFEDL
100 _aSwaris Nalin
_9301235
245 0 _aBuddhism: Human rights and social renewal
260 _aNew Delhi, India
_bCritical Quest
_c2006
300 _a48p.
365 _aINR
_b30
942 _cTEXL
_h294.3, SWA
999 _c1393309
_d1393309